00348nam a2200133 450000500170000010000290001724500260004626400370007230000180010933600220012733700240014933800240017399900170019720260530115256.01 aLaurens K Withers93049410aDisplay and Publicity 1bThe Peppin Press Amsterdamc2002 a423 páginas atexto2rdacontent asin medio2rdamedia avolumen2rdacarrier c12605d12605